000 00677nam a22002177a 4500
003 UA-OsUOA
001 86802
007 ta
008 20120911b un ||||| |||| 00| 0 ukr d
090 _a94(6)
_bВ73
942 _cBK
040 _aUA-OsUOA
_brus
_cUA-OsUOA
_dUA-OsUOA
245 _aВооруженная борьба народов африки за свободу и независимость
_cОтветственный ред. Тягуненко В. Л.
300 _a443 с.
955 _a1
041 _arus
080 _a94(6)
260 _aМ.
_bНаука
_c1974
650 7 _a9 Географія. Біографії. Історія
_2UDC
999 _c372979
_d372979